Bhrigu Samhita; Predictive techniques deciphered/ (Record no. 208580)

MARC details
000 -LEADER
fixed length control field 00635nam a22001937a 4500
005 - DATE AND TIME OF LATEST TRANSACTION
control field 20250120105627.0
010 ## - LCCN (DPL NO)
LC control number ENG-143521
020 ## - INTERNATIONAL STANDARD BOOK NUMBER
Terms of availability 150.00
035 ## - SYSTEM CONTROL NUMBER
System control number EN-127053
037 ## - SOURCE OF ACQUISITION
Source of stock number/acquisition DBAD
082 ## - DEWEY DECIMAL CLASSIFICATION NUMBER
Classification number 181.49
100 ## - MAIN ENTRY--PERSONAL NAME
Personal name Adawal Dr. Shanker
245 ## - TITLE STATEMENT
Title Bhrigu Samhita; Predictive techniques deciphered/
Statement of responsibility, etc By Dr. Shanker Adawal
250 ## - EDITION STATEMENT
Edition statement First
260 ## - PUBLICATION, DISTRIBUTION, ETC. (IMPRINT)
Name of publisher, distributor, etc Sagar Publications
Date of publication, distribution, etc 2004
Place of publication, distribution, etc 72, Janpath, Ved Mansion New Delhi
270 ## - ADDRESS
Address 72, Janpath, Ved Mansion New Delhi
City New Delhi
Postal code 110001
Telephone number 23320648
Electronic mail address sagarpub@del3.vsnl.net.in
300 ## - PHYSICAL DESCRIPTION
Extent 254p.
Dimensions 21cm (pbk)
942 ## - ADDED ENTRY ELEMENTS (KOHA)
Source of classification or shelving scheme Dewey Decimal Classification
Item type English Books
Classification part 181.49
Call number suffix Ada
Holdings
Withdrawn status Lost status Not for loan Collection code Home library Current library Date acquired Source of acquisition Cost, normal purchase price Full call number Barcode Copy number Cost, replacement price Koha item type
      Non-fiction Vinoba Puri Vinoba Puri 20/01/2025 DBAD 150.00 181.49 Ada EN-127053 1 150.00 English Books

© Delhi Public Library
Hit Counter
free hit counter